Science Quiz

Random Science or Astronomy Quiz

Isaac Winners Quiz Stats

 Plays Quiz Updated Feb 7, 2020

Support Sporcle.
Go Orange.
Score 0/72 Timer 10:00
1 Play Today
Date Smart Guy/Gal % Correct
1879 – 1955Albert Einstein
82.5%
1642 – 1727Isaac Newton
73.4%
384 – 322 B.C.Aristotle
70.7%
1867 – 1934Marie S. Curie
65.7%
1564 – 1642Galileo
64.7%
1473 – 1543Nicolaus Copernicus
49.2%
1885 – 1962Niels Bohr
48.8%
1809 – 1882Charles R. Darwin
46.8%
287? – 212 B.C.Archimedes
44.2%
1822 – 1884Gregor J. Mendel
43.5%
1822 – 1895Louis Pasteur
42.1%
1706 – 1790Benjamin Franklin
32.2%
1571 – 1630Johannes Kepler
31.7%
1901 – 1954Enrico Fermi
31.1%
1856 – 1939Sigmund Freud
30.9%
1834 – 1907Dmitri I. Mendeleev
29.3%
1871 – 1937Ernest Rutherford
29.3%
1916 – 2004Francis H. C. Crick
27.1%
1899 – 1953Edwin P. Hubble
25.5%
1791 – 1867Michael Faraday
21.2%
1858 – 1947Max K. E. L. Planck
20.7%
1901 – 1967Werner Heisenberg
18.1%
1627 – 1691Robert Boyle
17.3%
1745 – 1827Alessandro Volta
16.1%
1831 - 1879James C. Maxwell
15.8%
1777 – 1855Karl F. Gauss
15.5%
1743 – 1794Antoine L. Lavoisier
13.9%
1707 – 1778Carolus Linnaeus
12.7%
1766 – 1844John Dalton
12.5%
1824 – 1907Lord William Thomson Kelvin
12.3%
1656 – 1742Edmund Halley
12.1%
1901 - 1994Linus C. Pauling
10.8%
1845 - 1923Wilhelm K. Roentgen
9.5%
1626 – 1695Christian Huygens
8.5%
1749 – 1827Pierre S. Laplace
8.5%
1856 – 1940Joseph J. Thomson
8.5%
Date Smart Guy/Gal % Correct
1901 – 1958Ernest O. Lawrence
8.5%
1738 – 1822William Herschel
8%
1857 – 1894Heinrich R. Hertz
8%
1843 – 1910Robert Koch
7.9%
1578 – 1657William Harvey
7.9%
640? – 546 B.C.Thales
7.4%
1859 – 1927Svante A. Arrhenius
7.3%
1797 – 1878Joseph Henry
6.8%
1778 – 1829Humphrey Davy
6.4%
1731 – 1810Henry Cavendish
6.1%
1733 – 1804Joseph Priestley
5.5%
1839 – 1903Josiah Gibbs
4.7%
1778 – 1850Joseph L. Gay-Lussac
4.6%
1726 – 1797James Hutton
4.5%
1892 - 1987Louis V. de Broglie
4.4%
2nd century B.C.Hipparchus
4.3%
1852 – 1911Jacobus H. van ’t Hoff
3.7%
1821 – 1894Hermann L. F. von Helmholtz
3.7%
1514 – 1564Andreas Vesalius
3.6%
1852 – 1931Albert A. Michelson
3.6%
1779 – 1848Jons J. Berzelius
3.6%
1854 – 1915Paul Ehrlich
3.4%
1769 – 1832Georges L. C. F. D. Cuvier
3.3%
1810 – 1882Theodor Schwann
3%
1803 – 1873Justus von Liebig
2.6%
1824 – 1887Gustav R. Kirchhoff
2.6%
1887 – 1915Henry G. J. Moseley
2.6%
1742 – 1786Karl W. Scheele
2.6%
1821 – 1902Rudolf Virchow
2.6%
1800 – 1882Friedrich Wohler
2.5%
1877 – 1956Frederick Soddy
2.4%
1862 – 1910Stanislao Cannizzaro
2.4%
1811 – 1877Urbain J. J. Leverrier
2.3%
1838 – 1907William H. Perkin
2.1%
1853 – 1932Friedrich W. Ostwald
2%
1829 – 1896Friedrich A. Kekule von Stradonitz
1.9%

From the Vault

Counting TV Characters

by BillyJoelRulez

Help sort these TV characters into their rightful groups.
Remove Ads.
Support Sporcle.
Get the best of Sporcle when you Go Orange. This ad-free experience offers more features, more stats, and more fun while also helping to support Sporcle. Thank you for becoming a member.

Show Comments

Extras

Top Quizzes Today


Score Distribution

Your Account Isn't Verified!

In order to create a playlist on Sporcle, you need to verify the email address you used during registration. Go to your Sporcle Settings to finish the process.

Report this User

Report this user for behavior that violates our Community Guidelines.

Details: